00387cam a22001337a 4500008003600000082001400036245005400050260000900104300000900113500003200122650004100154650002600195700003200221180718b xxu||||| |||| 00| 0 eng d aDx54 K145 aKargil Review Committee Report: executive summary abc a41p. aChairman: L K. Subrahmanyam aIndia - Foreign relations - Pakistan aKargil conflict, 1999 aSubrahmanyam, K. (Chairman)